000 00617nam a22002057a 4500
003 OSt
005 20260413064636.0
008 260413b |||||||| |||| 00| 0 eng d
040 _aDWCL-Main Lib
_cOC
082 _aProf. 170 Sa211 2007
100 _aSanchez, Bo
245 _aYou have the power to create love : take another step on the simple path to happiness
260 _aQuezon City :
_bShepherd's voice Publications,
_c c 2007.
300 _a153 p. ;
_c18 cm.
490 _a(The Boss series 3rd)
650 _aConduct of life.
650 _aHappiness.
650 _aLove.
942 _2ddc
_cPROF.
_mProf.
_n0
999 _c9381
_d9381